000 00530nam a2200169Ia 4500
008 131103s9999 xx 000 0 und d
040 _aLoreto College
041 _aEnglish
082 _a954.14/SAR
_bLCBkB/549
245 _aHistory of Bengal
_b muslim period 1200-1757
_cEdited by Jadu Nath Sarkar
260 _aDacca
_bThe University Of Dacca
_c1972
300 _aV.2
_b plates,maps
_c 24cm.
504 _aIncludes bibligraphical references & index
650 _aHistory Of Bengal
850 _aLCBkB/954.14/SAR
942 _cBK
999 _c35119
_d85598